| 000 | 00684nam a2200205 a 4500 | ||
|---|---|---|---|
| 001 | 000005577 | ||
| 005 | 20200929151721.0 | ||
| 008 | 090820s2005 sp 001 0 spa d | ||
| 020 | _a8400083202 | ||
| 040 | _aDO-SdBNP | ||
| 082 |
_axxxx _bG216o |
||
| 100 | 1 |
_aGarcía, Gregorio _915761 |
|
| 245 | 1 | 0 |
_aOrigen de los indios del Nuevo Mundo e Indias Occidentales / _cGregorio García. |
| 260 |
_aMadrid, : _bCSIC, _c2005. |
||
| 300 |
_a372 p. ; _c24 cm. |
||
| 440 | 0 |
_aCorpus Hispanorum de Pace _psegunda _v13 _915684 |
|
| 504 | _aIncluye referencias bibliográficas y notas al pie de las páginas | ||
| 710 | 1 |
_aConsejo Superior de Investigaciones científicas _94786 |
|
| 049 | _aBNPD | ||
| 999 |
_c5376 _d5376 |
||